| 000 | 00660nam a2200217 a 4500 | ||
|---|---|---|---|
| 001 | 1873 | ||
| 003 | CDMR | ||
| 005 | 20131217154352.0 | ||
| 008 | 130130s1976||||||||||||||||||||||||||||d | ||
| 020 | _a8472352838 | ||
| 024 |
_2DL _a847235283 |
||
| 040 |
_aCDMR _bcat _cCDMR |
||
| 100 | 1 |
_aLago, Julián _91395 |
|
| 245 | 1 | 3 |
_aLa España transitiva _b: la confesión de 90 políticos: del bunker a la oposición _cJulián Lago |
| 260 |
_aBarcelona _c1976 _bDopesa |
||
| 300 |
_a284 p ; _c20 cm |
||
| 490 | 0 |
_aCasta de españoles _v4 |
|
| 500 | _aPremio Manuel del Arco 1976 | ||
| 650 | 0 | 4 |
_91623 _aPolítics _xIntervius -Periodisme polític _zEspanya |
| 942 |
_cMON _2udc |
||
| 999 |
_c1873 _d1873 |
||